Reflexiones introductorias: el municipio en la globalización (Registro nro. 24070)
[ vista simple ]
| 000 -LEADER | |
|---|---|
| fixed length control field | 00331 a2200109 4500 |
| 001 - CONTROL NUMBER | |
| control field | ART_32731 |
| 005 - DATE AND TIME OF LATEST TRANSACTION | |
| control field | 20260410161841.0 |
| 008 - FIXED-LENGTH DATA ELEMENTS--GENERAL INFORMATION | |
| fixed length control field | 260409a |
| 100 1# - MAIN ENTRY--PERSONAL NAME | |
| Personal name | Rosatti, Horacio |
| 245 10 - TITLE STATEMENT | |
| Title | Reflexiones introductorias: el municipio en la globalización |
| 773 0# - HOST ITEM ENTRY | |
| Title | RAP |
| Related parts | - Año 37, Nº 443 (ago. 2015) |
| Record control number | REV5941 |
No hay ítems disponibles.